| 000 | 00712nam a2200217 u 4500 | ||
|---|---|---|---|
| 005 | 20220916063553.0 | ||
| 008 | 130322s2007 r 000 0 eng d | ||
| 020 | _a1404266208 | ||
| 035 | _aUPN01000190437 | ||
| 049 | _aI | ||
| 050 | 4 |
_aPZ8.9 _bK4.3 |
|
| 100 | 1 |
_aKernan, Elizabeth _933318 |
|
| 245 | 1 | 4 |
_aLas fotografías de Paty / _cElizabeth Kernan ; tr. Lissett Iluminada González. |
| 260 |
_aNew York : _bRosen Classroom Books & Materials, _c2007. |
||
| 300 |
_a12 p. : _bprincipalmente il. col. |
||
| 440 | 0 |
_aLecturas del barrio. _pNarrativa |
|
| 650 | 7 |
_aLiteratura infantil estadounidense _2 _99173 |
|
| 650 | 7 |
_aLibros ilustrados para niños _2 _921365 |
|
| 905 | _aInfantil | ||
| 999 |
_c162540 _d162540 |
||